[Event "Bergisch Gladbach-ch"]
[Site "Bergisch Gladbach"]
[Date "2007.08.24"]
[Round "1"]
[White "Eilers, Jochen"]
[Black "Reuter, Theo"]
[Result "1-0"]
[WhiteElo "1943"]
[BlackElo "1625"]
[PlyCount "45"]
[EventDate "2007.08.24"]
[EventType "swiss"]
[EventRounds "7"]
[EventCountry "GER"]
[SourceTitle "EXT 2011"]
[Source "ChessBase"]
[SourceDate "2010.11.26"]
[SourceVersion "1"]
[SourceVersionDate "2010.11.26"]
[SourceQuality "1"]

1. e4 e6 2. Nc3 b6 3. g3 Bb7 4. Bg2 e5 5. Nge2 c5 6. 0-0 Nc6 7. d3 Nf6 8. f4 d6 9. Nd5 Rc8 10. fxe5 dxe5 11. Bg5 Be7 12. Nxe7 Qxe7 13. Nc3 Nd4 14. Nd5 Bxd5 15. exd5 h6 16. Bxf6 gxf6 17. c3 Nb5 18. Qa4 Qd7 19. Rxf6 Ke7 20. Raf1 Rcf8 21. Bh3 Qxh3 22. Qxb5 a6 23. d6+ 1-0

[Event "Bergisch Gladbach-ch op"]
[Site "Bergisch Gladbach"]
[Date "2001.09.28"]
[Round "7"]
[White "Klein, Dieter"]
[Black "Reuter, Theo"]
[Result "1-0"]
[WhiteElo "1707"]
[BlackElo "1584"]
[PlyCount "71"]
[EventDate "2001.08.17"]
[EventType "swiss"]
[EventRounds "7"]
[EventCountry "GER"]
[SourceTitle "EXT 2006"]
[Source "ChessBase"]
[SourceDate "2005.11.24"]
[SourceVersion "1"]
[SourceVersionDate "2005.11.24"]
[SourceQuality "1"]

1. Nf3 Nf6 2. c4 b6 3. g3 Bb7 4. Bg2 e6 5. 0-0 Be7 6. Nc3 h6 7. d4 g5 8. d5 g4 9. Nd4 c5 10. Ndb5 d6 11. dxe6 Bxg2 12. exf7+ Kxf7 13. Kxg2 a6 14. Na3 Qd7 15. Nd5 Qc6 16. e4 Nbd7 17. b3 h5 18. Bb2 h4 19. Qd2 h3+ 20. Kg1 Ne5 21. Bxe5 dxe5 22. f4 gxf3 23. Rxf3 Rag8 24. Raf1 Rg6 25. Nc2 Ke8 26. Qc3 Rh5 27. Rf5 Nxe4 28. Qxe5 Re6 29. Qb8+ Kd7 30. Rxh5 Nxg3 31. Qa7+ Kd6 32. hxg3 Bf6 33. Qb8+ Kd7 34. Rd1 Bd4+ 35. Nxd4 cxd4 36. Rh7+ 1-0

[Event "Bergisch Gladbach-ch op"]
[Site "Bergisch Gladbach"]
[Date "2001.08.17"]
[Round "1"]
[White "Raupach, Gregor"]
[Black "Reuter, Theo"]
[Result "1/2-1/2"]
[WhiteElo "1944"]
[BlackElo "1584"]
[PlyCount "20"]
[EventDate "2001.08.17"]
[EventType "swiss"]
[EventRounds "7"]
[EventCountry "GER"]
[SourceTitle "EXT 2006"]
[Source "ChessBase"]
[SourceDate "2005.11.24"]
[SourceVersion "1"]
[SourceVersionDate "2005.11.24"]
[SourceQuality "1"]

1. d4 Nf6 2. c4 e6 3. Nf3 b6 4. Bg5 Be7 5. Nbd2 Bb7 6. Qc2 h6 7. Bh4 c5 8. e4 d6 9. Bd3 Nc6 10. dxc5 Nb4 1/2-1/2